000
00416nam a2200133Ia 4500
008
151001s9999||||xx |||||||||||||| ||und||
100
_a
उन्मेष
245
_a
तुमचे पौरोहित्य तुम्हीच करा
250
_a
2
260
_b
वेदवाणी प्रकाशन कोल्हापूर
260
_c
1997
300
_a
294
365
_b
21
999
_c
973592
_d
973589